The milliarcsecond structure of some extragalactic objects /

Uloženo v:
Podrobná bibliografie
Hlavní autor: Baath, Lars B. (Autor)
Médium: Kniha
Jazyk:čeština
Vydáno: Göteborg : Chalmers University, 1980
Edice:rz1
On-line přístup: Získat plný text
Tagy: Přidat tag
Žádné tagy, Buďte první, kdo vytvoří štítek k tomuto záznamu!

MARC

LEADER 00000cam a2200000 4500
003 SK-BrCVT
005 20220618083454.0
008 091026s1980 cs e ||||||cze d
035 |a CVTIDWR030007 
040 |a    |b slo  |c    |d   
041 0 |a cze 
044 |a cs 
100 0 |a Baath, Lars B.  |4 aut 
245 1 4 |a The milliarcsecond structure of some extragalactic objects /  |c Lars B. Baath 
260 3 |a Göteborg :  |b Chalmers University,  |c 1980 
300 |a 24, 5 s. 
830 0 |a rz1 
974 |f Knihy 
999 |c 203614  |d 203614